NBA top 5 draft picks from the last 10 years - Statistics

General Stats
  • This quiz has been taken 1,160 times
  • The average score is 27 of 50
Answer Stats
Yr/Pck College Team Drafted Player % Correct
16 #1 LSU 76ers Simmons
94%
15 #1 Kentucky Timberwolves Towns
87%
16 #3 California Celtics Brown
84%
14 #1 Kansas Cavaliers Wiggins
82%
16 #2 Duke Lakers Ingram
81%
11 #1 Duke Cavaliers Irving
79%
14 #3 Kansas 76ers Embiid
77%
15 #2 Ohio State Lakers Russell
76%
12 #1 Kentucky Pelicans Davis
74%
07 #2 Texas Thunder Durant
73%
10 #1 Kentucky Wizards Wall
73%
15 #4 Latvia Knicks Porzingis
72%
13 #1 UNLV Cavaliers Bennett
70%
08 #1 Memphis Bulls Rose
70%
12 #3 Florida Wizards Beal
69%
08 #4 UCLA Thunder Westbrook
69%
09 #1 Oklahoma Clippers Griffin
68%
09 #3 Arizona St Thunder Harden
64%
07 #1 Ohio St Trail Blazers Oden
63%
15 #3 Duke 76ers Okafor
61%
13 #2 Indiana Magic Oladipo
57%
16 #4 Croatia Suns Bender
56%
08 #5 UCLA Grizzlies Love
55%
14 #2 Duke Bucks Parker
55%
09 #5 Spain Timberwolves Rubio
55%
10 #5 Kentucky Kings Cousins
54%
07 #4 Ohio St Grizzlies Conley
52%
14 #4 Arizona Magic Gordon
49%
07 #3 Florida Hawks Horford
47%
13 #3 Georgetown Wizards Porter
47%
11 #4 Texas Cavaliers Thompson
47%
12 #2 Kentucky Hornets Kidd Gilchrist
46%
11 #2 Arizona Timberwolves Williams
46%
14 #5 Australia Jazz Exum
43%
16 #5 Providence Timberwolves Dunn
42%
08 #2 Kansas St Heat Beasley
39%
15 #5 Croatia Magic Hezonja
39%
09 #2 UConn Grizzlies Thabeet
38%
09 #4 Memphis Kings Evans
36%
11 #5 Lithuania Raptors Valanciunas
35%
13 #4 Indiana Hornets Zeller
35%
10 #2 Ohio State 76ers Turner
33%
10 #3 Georgia Tech Nets Favors
31%
12 #4 Syracuse Cavaliers Waiters
31%
10 #4 Syracuse Timberwolves Johnson
30%
13 #5 Maryland Suns Len
29%
08 #3 USC Timberwolves Mayo
28%
07 #5 George Town Celtics Green
27%
11 #3 Kentucky Jazz Kanter
22%
12 #5 Kansas Kings Robinson
22%
No matching quizzes found
Score Distribution
Percent of People with Each Score
Percentile by Number Answered
Your Score History
You have not taken this quiz